[Event "8th Sunway Sitges 2021"]
[Site "Sitges ESP"]
[Date "2021.12.21"]
[Round "8.44"]
[White "Alvarez Albiol, Victor"]
[Black "Fernandez Guillen, Ernesto J."]
[Result "1-0"]
[BlackTitle "IM"]
[WhiteElo "2130"]
[BlackElo "2411"]
[WhiteFideId "32065930"]
[BlackFideId "3512428"]
[EventDate "2021.12.13"]

1. e4 c5 2. Nf3 a6 3. Nc3 b5 4. d4 cxd4 5. Nxd4 Bb7 6. Bd3 Nc6 7. Nxc6 Bxc6 8.
O-O d6 9. a4 b4 10. Nd5 a5 11. Be3 Rb8 12. c3 e6 13. Re1 Bd7 14. Bf4 exd5 15.
exd5+ Be7 16. Bxd6 Kf8 17. Bxb8 Qxb8 18. Bb5 Nf6 19. d6 Bd8 20. cxb4 g6 21. bxa5
Kg7 22. a6 Be6 23. Rc1 Ba5 24. b4 Bxb4 25. Rxe6 fxe6 26. Rc7+ Kh6 27. Qd4 Bxd6
28. Qe3+ g5 29. Qh3+ Kg6 30. Bd3+ Ne4 31. Qxe6+ 1-0

[Event "8th Sunway Sitges 2021"]
[Site "Sitges ESP"]
[Date "2021.12.21"]
[Round "8.45"]
[White "Vaishali, R"]
[Black "Torngren, Gustav"]
[Result "1-0"]
[WhiteTitle "IM"]
[BlackTitle "FM"]
[WhiteElo "2401"]
[BlackElo "2228"]
[WhiteFideId "5091756"]
[BlackFideId "1728970"]
[EventDate "2021.12.13"]

1. e4 e5 2. Nf3 Nc6 3. Bb5 a6 4. Ba4 b5 5. Bb3 Na5 6. O-O d6 7. d4 Nxb3 8. axb3
f6 9. Re1 Ne7 10. Nbd2 Bb7 11. Nf1 Ng6 12. Ng3 Qd7 13. c4 b4 14. d5 c5 15. dxc6
Bxc6 16. Nf5 Kf7 17. Qd3 Qb7 18. h4 h5 19. Nh2 Be7 20. Nf1 Nf8 21. N5g3 Ne6 22.
Be3 g6 23. f3 Bd8 24. Kh2 Bb6 25. Bxb6 Qxb6 26. Ne3 Nc5 27. Qc2 a5 28. Nd5 Bxd5
29. exd5 f5 30. Nxf5 gxf5 31. Qxf5+ Ke8 32. Qf6 1-0

[Event "8th Sunway Sitges 2021"]
[Site "Sitges ESP"]
[Date "2021.12.21"]
[Round "8.46"]
[White "Priyanka, Nutakki"]
[Black "Daulyte-Cornette, Deimante"]
[Result "1/2-1/2"]
[WhiteTitle "WIM"]
[BlackTitle "IM"]
[WhiteElo "2187"]
[BlackElo "2398"]
[WhiteFideId "25049615"]
[BlackFideId "12802859"]
[EventDate "2021.12.13"]

1. d4 d5 2. c4 e6 3. Nf3 a6 4. cxd5 exd5 5. Nc3 Nf6 6. Bg5 Be6 7. e3 Nbd7 8. Bd3
Bd6 9. Rc1 c6 10. O-O Qb8 11. e4 dxe4 12. Nxe4 Nxe4 13. Bxe4 h6 14. Bh4 g5 15.
Bg3 Bxg3 16. fxg3 Qd6 17. d5 cxd5 18. Bb1 Ne5 19. Nd4 Rc8 20. Nxe6 Rxc1 21. Qxc1
Qxe6 22. Qc7 O-O 23. Bf5 Qe8 24. Qd6 Nd3 25. h3 Kg7 26. Qxd5 Qe3+ 27. Kh2 Ne5
28. Be4 f6 29. Qxb7+ Rf7 30. Qa8 Ra7 31. Qd5 Rd7 32. Qa8 Ra7 33. Qb8 Rd7 34. Bf5
Rd2 35. Be6 Nf3+ 36. Rxf3 Qxe6 37. Qb7+ Rd7 38. Qc8 Qd6 39. Ra3 Ra7 40. Rc3 a5
41. Rb3 Rc7 42. Qa8 h5 43. Qxa5 h4 44. Qe1 Rc2 45. Rb7+ Kh6 46. Rh7+ Kxh7 47.
Qe4+ Kh6 48. Qxc2 Qxg3+ 49. Kg1 Qe1+ 1/2-1/2

[Event "8th Sunway Sitges 2021"]
[Site "Sitges ESP"]
[Date "2021.12.21"]
[Round "8.47"]
[White "Tanmay, Chopra"]
[Black "Domingo Nunez, Ruben"]
[Result "1/2-1/2"]
[BlackTitle "FM"]
[WhiteElo "2221"]
[BlackElo "2395"]
[WhiteFideId "25630946"]
[BlackFideId "22245570"]
[EventDate "2021.12.13"]

1. d4 e6 2. c4 b6 3. Nc3 Bb4 4. Nf3 Bb7 5. e3 f5 6. Bd2 Nf6 7. Bd3 a5 8. a3 Bxc3
9. Bxc3 Ne4 10. O-O O-O 11. Be1 Ng5 12. Nxg5 Qxg5 13. g3 d6 14. f4 Qe7 15. Qc2
Nd7 16. e4 fxe4 17. Bxe4 Bxe4 18. Qxe4 Nf6 19. Qe2 Rfe8 20. Rc1 d5 21. Qe5 dxc4
22. Rxc4 Nd5 23. Bd2 Rad8 24. Rfc1 Qf6 25. Re1 Qxe5 26. fxe5 Rf8 27. Rc6 Rde8
28. Rf1 Rf7 29. b3 Ref8 30. Rxf7 Kxf7 31. Kf2 Ke7+ 32. Ke2 Kd7 33. Rc4 h6 34.
Rc1 Rf5 35. h3 Rf8 36. Rg1 Ra8 37. a4 Rb8 38. Ra1 Rf8 39. Rc1 Rf7 40. Rg1 Rf8
41. Rc1 Rf7 42. Rg1 Ne7 43. Be3 Nc6 44. Kd3 Rf8 45. Ke4 Ne7 46. Rc1 c6 47. Rg1
Nd5 48. Rc1 b5 49. h4 Rb8 50. Bd2 bxa4 51. bxa4 Rb3 52. Rc5 Kc7 53. Bxa5+ Kb7
54. Bd2 Rxg3 55. a5 Nc7 56. Rc1 Rg4+ 57. Kd3 Rxh4 58. Rf1 Nb5 59. Rf7+ Ka6 60.
Be3 Rg4 61. Re7 Rg6 62. Bd2 h5 63. Be1 Rg1 64. Bf2 Rg2 65. Be1 Rg1 66. Bf2 Rd1+
67. Ke2 Nc3+ 68. Kf3 Rd3+ 69. Kg2 Ne4 70. Bg1 Rg3+ 71. Kh2 Rg6 72. Rc7 Kxa5 73.
Rxc6 Nd2 74. Bf2 Nf3+ 75. Kh3 Rg4 76. Rd6 Kb5 77. d5 exd5 78. Rxd5+ Kc4 79. Ra5
Ng5+ 80. Kh2 Nf3+ 81. Kh3 Kb4 82. Rd5 Re4 83. e6 g6 84. Kg3 Nh4 85. Rd4+ Rxd4
86. Bxd4 Nf5+ 87. Kh3 Kc4 88. Bf6 Kd5 89. e7 Nd6 90. Kh4 Ke6 91. Kg5 Kf7 92. Bb2
Ne4+ 93. Kh6 Nd6 94. Kg5 Ne8 95. Be5 h4 96. Kxh4 Kxe7 97. Kg4 Ke6 98. Kg5 Kf7
99. Kg4 Nf6+ 100. Bxf6 Kxf6 101. Kf4 g5+ 102. Kg4 Kg6 103. Kg3 Kf5 104. Kf3 Ke5
105. Kg4 Kf6 106. Kg3 Kf5 107. Kf3 g4+ 108. Kg3 Kg5 109. Kg2 Kf4 110. Kf2 g3+
111. Kg2 Kg4 112. Kg1 Kf5 113. Kg2 Kf4 114. Kg1 Kf3 115. Kf1 g2+ 116. Kg1 Ke2
117. Kxg2 1/2-1/2

[Event "8th Sunway Sitges 2021"]
[Site "Sitges ESP"]
[Date "2021.12.21"]
[Round "8.48"]
[White "Guichard, Pauline"]
[Black "Nikolic, Vladan"]
[Result "1-0"]
[WhiteTitle "IM"]
[WhiteElo "2394"]
[BlackElo "2221"]
[WhiteFideId "639370"]
[BlackFideId "1710702"]
[EventDate "2021.12.13"]

1. d4 Nf6 2. c4 e6 3. Nf3 c5 4. d5 d6 5. Nc3 exd5 6. cxd5 g6 7. Nd2 Bg7 8. e4
O-O 9. Be2 Na6 10. O-O Re8 11. a4 Nc7 12. f3 b6 13. Nc4 Ba6 14. Rb1 Bxc4 15.
Bxc4 a6 16. b4 Nd7 17. Bd2 Qf6 18. Kh1 b5 19. axb5 Qd4 20. Be2 cxb4 21. Na4 Nxb5
22. Rxb4 Qa7 23. Bxb5 axb5 24. Nc3 Qb6 25. Rxb5 Qa6 26. Rb1 Rec8 27. Ne2 Qa2 28.
Rc1 Rxc1 29. Nxc1 Qb2 30. Nd3 Qb5 31. Nc1 Ra1 32. Re1 Nc5 33. Qe2 Qb2 34. g3 Bc3
35. Bh6 Qb4 36. Rf1 Qa4 37. Nd3 Rxf1+ 38. Qxf1 Qb5 39. Qh3 f5 40. Qh4 Qd7 41. e5
Nxd3 42. Qf6 1-0

[Event "8th Sunway Sitges 2021"]
[Site "Sitges ESP"]
[Date "2021.12.21"]
[Round "8.49"]
[White "Moksh, Amit Doshi"]
[Black "Rajarishi, Karthi"]
[Result "1/2-1/2"]
[WhiteTitle "IM"]
[BlackTitle "CM"]
[WhiteElo "2368"]
[BlackElo "2207"]
[WhiteFideId "25064967"]
[BlackFideId "5092523"]
[EventDate "2021.12.13"]

1. d4 d5 2. c4 e6 3. Nc3 Nf6 4. cxd5 exd5 5. Bg5 Be7 6. e3 c6 7. Bd3 Nbd7 8. Qc2
h6 9. Bh4 O-O 10. Nge2 Re8 11. O-O Ne4 12. Bxe7 Qxe7 13. Bxe4 dxe4 14. Ng3 Nf6
15. h3 b6 16. f3 Ba6 17. Rf2 Bd3 18. Qb3 Qc7 19. Ngxe4 Bxe4 20. fxe4 Nxe4 21.
Nxe4 Rxe4 22. Rc1 Rae8 23. Rc3 Qd7 24. Rf3 R8e6 25. Qc2 Qd5 26. b4 f5 27. Qf2
Rf6 28. a3 f4 29. Rxf4 Rfxf4 30. exf4 Rxd4 31. Qf3 Qxf3 32. Rxf3 Kf8 33. Rc3
Rxf4 34. Rxc6 Rf7 35. Kh2 Rd7 1/2-1/2

[Event "8th Sunway Sitges 2021"]
[Site "Sitges ESP"]
[Date "2021.12.21"]
[Round "8.50"]
[White "Perez Bolanos, Joel"]
[Black "Grebeniuk, Semen"]
[Result "0-1"]
[WhiteElo "2015"]
[BlackElo "2346"]
[WhiteFideId "24564419"]
[BlackFideId "14117509"]
[EventDate "2021.12.13"]

1. e4 c5 2. d4 cxd4 3. c3 Nf6 4. e5 Nd5 5. Nf3 Nc6 6. Bc4 Nb6 7. Bb3 d5 8. exd6
Qxd6 9. O-O d3 10. Na3 a6 11. Be3 Qc7 12. Qxd3 e6 13. Rad1 Bxa3 14. bxa3 Nd7 15.
Rfe1 O-O 16. Ng5 Nf6 17. Bc5 Rd8 18. Bd6 Qa5 19. Qe3 Bd7 20. Nxf7 Kxf7 21. Bxe6+
Bxe6 22. Qxe6+ Kg6 23. Re3 h6 24. Rg3+ Kh7 25. Qf7 Rg8 26. Qg6+ Kh8 27. Rh3 Nh7
28. f4 Rad8 29. Rd2 Qb6+ 30. Kf1 Ne7 31. Qd3 Nf5 32. Qxf5 Rxd6 33. Rxd6 Qxd6 0-1

[Event "8th Sunway Sitges 2021"]
[Site "Sitges ESP"]
[Date "2021.12.21"]
[Round "8.51"]
[White "Nawin, J J"]
[Black "Padmini, Rout"]
[Result "1/2-1/2"]
[BlackTitle "IM"]
[WhiteElo "2109"]
[BlackElo "2345"]
[WhiteFideId "45031231"]
[BlackFideId "5029295"]
[EventDate "2021.12.13"]

1. e4 e5 2. Nf3 Nc6 3. Bb5 a6 4. Ba4 Nf6 5. O-O d6 6. Re1 Bd7 7. c3 g6 8. d4 b5
9. Bb3 Bg7 10. a4 O-O 11. Bg5 Re8 12. dxe5 Nxe5 13. Nxe5 Rxe5 14. f4 Rxg5 15.
fxg5 Ng4 16. Qd2 bxa4 17. Bxa4 Bxa4 18. Rxa4 Qb8 19. g3 a5 20. Na3 Qb3 21. Qc2
Qb6+ 22. Kh1 Rb8 23. Nc4 Qb5 24. Kg2 Qxg5 25. Rxa5 Qe7 26. Qe2 h5 27. Rea1 Kh7
28. h3 Ne5 29. Nxe5 Bxe5 30. Rf1 Kg7 31. Rf2 c5 32. Ra1 Rb7 33. h4 Qe6 34. Raf1
Qa2 35. Kh3 Qe6+ 36. Kg2 Qa2 37. Kh3 Qe6+ 1/2-1/2

[Event "8th Sunway Sitges 2021"]
[Site "Sitges ESP"]
[Date "2021.12.21"]
[Round "8.52"]
[White "Galiana Fernandez, Adrian"]
[Black "Ojas, Kulkarni"]
[Result "1-0"]
[WhiteTitle "FM"]
[WhiteElo "2333"]
[BlackElo "2206"]
[WhiteFideId "32010150"]
[BlackFideId "25040073"]
[EventDate "2021.12.13"]

1. d4 d5 2. c4 Bf5 3. cxd5 Bxb1 4. Qa4+ Nc6 5. dxc6 b5 6. Qxb5 Be4 7. f3 Rb8 8.
Qa4 e5 9. fxe4 Bb4+ 10. Bd2 Qh4+ 11. Kd1 Bxd2 12. Nf3 Qf2 13. Qxa7 Rxb2 14. Qa8+
Ke7 15. Qa3+ 1-0

[Event "8th Sunway Sitges 2021"]
[Site "Sitges ESP"]
[Date "2021.12.21"]
[Round "8.53"]
[White "Cadilhac, Igor Tokuichi Kikuchi"]
[Black "Alcala Gonzalez, Cesar"]
[Result "1-0"]
[WhiteTitle "FM"]
[WhiteElo "2325"]
[BlackElo "2198"]
[WhiteFideId "2132150"]
[BlackFideId "24584878"]
[EventDate "2021.12.13"]

1. e4 c6 2. d4 d5 3. e5 c5 4. dxc5 e6 5. Qg4 Nc6 6. Nf3 Nge7 7. Bd3 Ng6 8. Qg3
Nb4 9. O-O Nxd3 10. cxd3 Bxc5 11. h4 h5 12. Nc3 O-O 13. d4 Be7 14. Bg5 Bd7 15.
Rac1 Kh7 16. Rfe1 f6 17. Bd2 Rc8 18. exf6 gxf6 19. Nh2 Qe8 20. Qd3 Qf7 21. Nf3
Rg8 22. Ne2 Kh8 23. Qb3 b6 24. Bb4 Rxc1 25. Rxc1 Bb5 26. Ng3 Bc4 27. Qa3 Bxb4
28. Qxb4 Nf4 29. Qd2 Rg4 30. b3 Ba6 31. Nh2 Rxh4 32. Rc3 Qg6 33. Qc1 Nd3 34. Qe3
Nf4 35. Qc1 Ne2+ 36. Nxe2 Bxe2 37. Rc8+ Kh7 38. Rc7+ Kh8 39. Rc8+ Kh7 40. Qc7+
Qg7 41. Qc2+ Qg6 42. Rc7+ Kh6 43. Qxe2 1-0

[Event "8th Sunway Sitges 2021"]
[Site "Sitges ESP"]
[Date "2021.12.21"]
[Round "8.54"]
[White "Asensio Linan, Teodoro"]
[Black "Fataliyeva, Ulviyya"]
[Result "0-1"]
[BlackTitle "WGM"]
[WhiteElo "2003"]
[BlackElo "2324"]
[WhiteFideId "2212536"]
[BlackFideId "13403052"]
[EventDate "2021.12.13"]

1. e4 c6 2. d4 d5 3. e5 Bf5 4. h4 h5 5. Bd3 Bxd3 6. Qxd3 Qa5+ 7. Nd2 e6 8. Ne2
Nh6 9. Ng3 Qa6 10. c4 c5 11. dxc5 Nc6 12. O-O Bxc5 13. Qc2 Nd4 14. Qc3 Rc8 15.
b4 Nhf5 16. Kh2 Be7 17. a4 Bxh4 18. Nxf5 Nxf5 19. Bb2 Bg5 20. b5 Qb6 21. a5 Qd8
22. a6 b6 23. Ra4 Bf4+ 24. Kg1 Rh6 25. Nf3 Rg6 26. Kh1 Nh4 27. Nxh4 Qxh4+ 28.
Qh3 Qxh3+ 29. gxh3 dxc4 30. Bd4 Rg5 31. Re1 Bd2 32. Rea1 c3 33. R4a2 c2 34. Rxc2
Rxc2 35. Bxb6 Bc3 36. Ra4 Rc1+ 37. Kh2 Bxe5+ 38. f4 Bxf4+ 39. Rxf4 axb6 0-1

[Event "8th Sunway Sitges 2021"]
[Site "Sitges ESP"]
[Date "2021.12.21"]
[Round "8.55"]
[White "Macias Pino, Diego"]
[Black "Jafarli, Babak"]
[Result "1-0"]
[WhiteTitle "FM"]
[WhiteElo "2324"]
[BlackElo "2175"]
[WhiteFideId "24529133"]
[BlackFideId "13406019"]
[EventDate "2021.12.13"]

1. e4 Nf6 2. e5 Nd5 3. d4 d6 4. Bc4 Nb6 5. Bb3 Nc6 6. exd6 cxd6 7. c3 g6 8. a4
a5 9. Nf3 d5 10. h3 Bg7 11. Na3 O-O 12. O-O e5 13. dxe5 Nxe5 14. Nxe5 Bxe5 15.
Be3 Be6 16. Qe2 Bb8 17. Nb5 Nc4 18. Rad1 Qf6 19. Bh6 Rc8 20. f4 Bc7 21. Nxc7
Rxc7 22. Bg5 Qg7 23. f5 gxf5 24. Bf4 Rc6 25. Rd3 Kf8 26. Rg3 Qf6 27. Qh5 Rac8
28. Qxh7 Ke8 29. Rg7 Nd6 30. Rd1 Nc4 31. Re1 Qe7 32. Bg5 Qc5+ 33. Kh1 Qf2 34.
Qg8+ Kd7 35. Rxf7+ 1-0

[Event "8th Sunway Sitges 2021"]
[Site "Sitges ESP"]
[Date "2021.12.21"]
[Round "8.56"]
[White "Kenneskog, Theodor"]
[Black "Fisabilillah, Ummi"]
[Result "0-1"]
[WhiteTitle "FM"]
[BlackTitle "WIM"]
[WhiteElo "2307"]
[BlackElo "2159"]
[WhiteFideId "1715011"]
[BlackFideId "7104804"]
[EventDate "2021.12.13"]

1. e4 e6 2. d4 d5 3. Nc3 Bb4 4. e5 b6 5. h4 Qd7 6. h5 h6 7. Qg4 Bf8 8. b4 Ne7 9.
Nf3 c6 10. Rb1 Qc7 11. Bd3 Nd7 12. Bd2 a6 13. Ne2 b5 14. Qf4 Nb6 15. g4 Nc4 16.
g5 a5 17. Ng3 Nxd2 18. Kxd2 axb4 19. Rh4 Rxa2 20. g6 Bd7 21. gxf7+ Kd8 22. Rhh1
Qa5 23. Ke3 Qa7 24. Nh4 c5 25. dxc5 Qxc5+ 26. Kf3 Bc6 27. Rhf1 b3 28. cxb3 Qc3
29. Rbd1 Qxb3 30. Qd4 Kc7 31. Ra1 Rd2 32. Ra7+ Bb7 33. Rc1+ Nc6 34. Ke3 Bb4 35.
Ng6 Rb8 36. Ne2 Rd1 37. Rxc6+ Kxc6 38. f8=Q Rxf8 39. Nxf8 Bxf8 40. Nc3 Rxd3+ 0-1

[Event "8th Sunway Sitges 2021"]
[Site "Sitges ESP"]
[Date "2021.12.21"]
[Round "8.57"]
[White "Van Dael, Siem"]
[Black "Vaibhav, Jayant Raut"]
[Result "0-1"]
[WhiteTitle "FM"]
[WhiteElo "2300"]
[BlackElo "2097"]
[WhiteFideId "1049771"]
[BlackFideId "5089034"]
[EventDate "2021.12.13"]

1. e4 c5 2. Nf3 Nc6 3. d4 cxd4 4. Nxd4 Nf6 5. Nc3 e5 6. Ndb5 d6 7. Bg5 a6 8. Na3
b5 9. Nd5 Be7 10. Bxf6 Bxf6 11. c3 O-O 12. Nc2 Bg5 13. a4 bxa4 14. Rxa4 a5 15.
Bc4 Rb8 16. b3 Be6 17. O-O Ne7 18. Qa1 Nxd5 19. exd5 Bf5 20. Ne1 Ra8 21. Bb5 Qb6
22. Bc6 Rab8 23. Nf3 Bh6 24. Qa3 Rfd8 25. b4 axb4 26. Rxb4 Qc7 27. Ra1 g6 28. h3
Bg7 29. Nd2 Bd3 30. Re1 f5 31. Nb3 Rxb4 32. cxb4 Rb8 33. Na5 e4 34. Rc1 Bh6 35.
Rd1 Qb6 36. b5 Bf4 37. Qa2 h5 38. Nb3 Be5 39. Nd2 Qd4 40. Nf1 Qc5 41. Qa5 Rf8
42. Qd2 f4 43. Rc1 Qb6 44. Bd7 Bd4 45. Nh2 Kh7 46. Nf1 f3 47. Ne3 Bxe3 0-1

[Event "8th Sunway Sitges 2021"]
[Site "Sitges ESP"]
[Date "2021.12.21"]
[Round "8.58"]
[White "Luque Saiz, Andres"]
[Black "Sudarshan, Bhat"]
[Result "1-0"]
[WhiteTitle "FM"]
[WhiteElo "2288"]
[BlackElo "1827"]
[WhiteFideId "24510793"]
[BlackFideId "35070843"]
[EventDate "2021.12.13"]

1. e4 Nc6 2. Nf3 d6 3. Bb5 Nf6 4. d3 g6 5. O-O Bg7 6. Re1 e5 7. d4 Bd7 8. dxe5
Nxe5 9. Nxe5 Bxb5 10. Nf3 O-O 11. Nc3 Bd7 12. Bg5 h6 13. Bf4 Nh5 14. Be3 Bg4 15.
h3 Be6 16. Qd2 Kh7 17. Rad1 Qf6 18. Nd4 g5 19. g4 Nf4 20. Bxf4 gxf4 21. Nd5 Bxd5
22. exd5 Rfe8 23. c3 Kg8 24. Rxe8+ Rxe8 25. Re1 Rxe1+ 26. Qxe1 Qh4 27. Qe8+ Kh7
28. Qxf7 Qxh3 29. Qxf4 Bxd4 30. Qxd4 Qf3 31. Kf1 a5 32. a4 Kg6 33. Ke1 Qh1+ 34.
Kd2 Qa1 35. Kc2 Kg5 36. Qe4 Kf6 37. f4 Qf1 38. Qf5+ Kg7 39. Qd7+ Kf6 40. Qd8+
Kg7 41. Qxc7+ Kg8 42. Qd8+ Kg7 43. Qe7+ Kg8 44. Qe6+ Kg7 45. Qe4 b5 46. axb5
Qxb5 47. f5 Qf1 48. Qe7+ Kg8 49. Qe6+ Kg7 50. Qg6+ Kf8 51. Qxd6+ Ke8 52. Qe6+
Kd8 53. d6 Qg2+ 54. Kb3 a4+ 55. Ka2 Qb7 56. Qg8+ Kd7 57. Qf7+ 1-0

[Event "8th Sunway Sitges 2021"]
[Site "Sitges ESP"]
[Date "2021.12.21"]
[Round "8.59"]
[White "Pantzar, Milton"]
[Black "Minko, Dmitry"]
[Result "0-1"]
[WhiteTitle "IM"]
[BlackTitle "CM"]
[WhiteElo "2420"]
[BlackElo "2207"]
[WhiteFideId "1721003"]
[BlackFideId "24188468"]
[EventDate "2021.12.13"]

1. d4 d5 2. c4 e6 3. Nf3 Nf6 4. g3 dxc4 5. Bg2 c5 6. O-O Nc6 7. dxc5 Qxd1 8.
Rxd1 Bxc5 9. Nbd2 c3 10. bxc3 O-O 11. Nb3 Be7 12. c4 Bd7 13. Bb2 Rfd8 14. Ne5
Be8 15. Nxc6 Bxc6 16. Bxc6 bxc6 17. f3 Kf8 18. Kf2 Nd7 19. Na5 Nb6 20. Nxc6 Bc5+
21. e3 Rxd1 22. Rxd1 Bxe3+ 23. Kxe3 Nxc4+ 24. Kd4 Nxb2 25. Rb1 Rc8 26. Kc5 Na4+
27. Kd6 Nc3 28. Rc1 Nd5 29. Rc5 Ne7 30. Nxa7 Ra8 31. Nc6 Nf5+ 32. Ke5 Rxa2 33.
Rb5 Re2+ 34. Kf4 f6 35. h4 Rc2 36. Na5 Ra2 37. Nc6 Rc2 38. Na5 g6 39. Rb3 e5+
40. Kg4 Rh2 41. Rb8+ Kf7 42. Rb7+ Ke8 0-1

[Event "8th Sunway Sitges 2021"]
[Site "Sitges ESP"]
[Date "2021.12.21"]
[Round "8.60"]
[White "Abbasov, Amil1"]
[Black "Baenziger, Fabian"]
[Result "0-1"]
[BlackTitle "IM"]
[WhiteElo "2184"]
[BlackElo "2409"]
[WhiteFideId "13402277"]
[BlackFideId "1330110"]
[EventDate "2021.12.13"]

1. e4 c5 2. Nf3 d6 3. Bb5+ Nd7 4. O-O a6 5. Bd3 Ngf6 6. c3 b5 7. Bc2 Bb7 8. Re1
c4 9. b3 e6 10. bxc4 bxc4 11. Na3 Rc8 12. Qe2 Qc7 13. Rb1 Ba8 14. d3 cxd3 15.
Bxd3 Nc5 16. Bxa6 Nxa6 17. Qxa6 Bxe4 18. Rb3 Be7 19. Bg5 Ra8 20. Qe2 O-O 21.
Bxf6 Bxf3 22. Qxf3 Bxf6 23. c4 Qc5 24. Rd1 Ra5 25. Rbd3 h6 26. Nb1 Be5 27. Nd2
Rxa2 28. Ne4 Qxc4 29. Nxd6 Qf4 30. Qxf4 Bxf4 31. g3 Be5 32. Ne4 Re8 33. Rd8 Rxd8
34. Rxd8+ Kh7 35. Rd7 Kg6 36. Kg2 Bb8 37. h4 Ra7 38. Rxa7 Bxa7 39. Kf3 f5 40.
Nc3 e5 41. Kg2 Kf6 42. Nd5+ Ke6 43. Nc3 Bb6 44. Ne2 Kd5 45. Ng1 Ke4 46. Nf3 g6
47. Nd2+ Kd3 48. Nf3 Bd4 49. Ng1 e4 50. Kf1 Kd2 51. Nh3 Bxf2 52. Kxf2 e3+ 53.
Kg2 e2 54. Ng1 e1=Q 55. Nf3+ Ke2 56. Nxe1 Kxe1 57. Kf3 g5 58. g4 f4 59. h5 Kf1
60. Ke4 Kg2 61. Kf5 Kg3 0-1

[Event "8th Sunway Sitges 2021"]
[Site "Sitges ESP"]
[Date "2021.12.21"]
[Round "8.61"]
[White "Sukandar, Irine Kharisma"]
[Black "Alboredo, Julia"]
[Result "0-1"]
[WhiteTitle "IM"]
[BlackTitle "WFM"]
[WhiteElo "2407"]
[BlackElo "2200"]
[WhiteFideId "7101937"]
[BlackFideId "2124807"]
[EventDate "2021.12.13"]

1. e4 c5 2. Nf3 Nc6 3. Bb5 Nf6 4. Nc3 g6 5. h3 Bg7 6. e5 Ng8 7. Bxc6 dxc6 8. d3
Nh6 9. Be3 b6 10. g4 f5 11. g5 Nf7 12. Bf4 Be6 13. Qe2 b5 14. O-O-O Qa5 15. d4
b4 16. d5 bxc3 17. dxe6 Nd8 18. Qc4 cxb2+ 19. Kb1 Qb5 20. Qxb5 cxb5 21. Rd5 Nxe6
22. Be3 Rc8 23. Kxb2 h6 24. a4 bxa4 25. Ka2 f4 26. gxh6 Rxh6 27. Bc1 Rd8 28. c4
Rb8 29. Rd3 g5 30. Rh2 Rb3 31. Rxb3 axb3+ 32. Kxb3 g4 33. hxg4 Nd4+ 34. Nxd4
Rxh2 35. Ne6 Bxe5 36. Nxc5 Rxf2 37. Nd3 Rf1 38. Ba3 Bc7 39. g5 Kf7 0-1

[Event "8th Sunway Sitges 2021"]
[Site "Sitges ESP"]
[Date "2021.12.21"]
[Round "8.62"]
[White "Jaferian, Koosha"]
[Black "Gatineau, Yovann"]
[Result "1-0"]
[BlackTitle "IM"]
[WhiteElo "2179"]
[BlackElo "2384"]
[WhiteFideId "12507440"]
[BlackFideId "26028999"]
[EventDate "2021.12.13"]

1. d4 Nf6 2. c4 Nc6 3. Nf3 e6 4. g3 Bb4+ 5. Bd2 Qe7 6. Nc3 Bxc3 7. Bxc3 Ne4 8.
Rc1 d6 9. d5 Nxc3 10. Rxc3 Nd8 11. Bg2 O-O 12. Nd2 a5 13. O-O e5 14. c5 dxc5 15.
Qc2 Bd7 16. Ne4 Bf5 17. Rxc5 c6 18. Rd1 cxd5 19. Rdxd5 Nc6 20. Qd1 Bxe4 21. Bxe4
Rad8 22. Qb3 g6 23. Qb6 Ra8 24. e3 a4 25. Rb5 Rfb8 26. Qc5 Qe6 27. Kg2 Kg7 28.
Rd6 Qe8 29. Qd5 f5 30. Rd7+ Kh6 31. Bf3 e4 32. Be2 Rd8 33. Rbxb7 Rxd7 34. Rxd7
Ne5 35. Rd6 Nf7 36. Bb5 Qe5 37. Qxa8 Qxd6 38. Qxa4 Ne5 39. Qd4 Qc7 40. Be2 Nf7
41. h4 Nd6 42. b4 Qc6 43. Qf6 Qc8 44. Qxd6 Qf8 45. Qxf8# 1-0

[Event "8th Sunway Sitges 2021"]
[Site "Sitges ESP"]
[Date "2021.12.21"]
[Round "8.63"]
[White "Laddha, Shubh Jayesh"]
[Black "Bhambure, Shantanu"]
[Result "1/2-1/2"]
[WhiteElo "2171"]
[BlackElo "2377"]
[WhiteFideId "30942799"]
[BlackFideId "5025931"]
[EventDate "2021.12.13"]

1. e4 e6 2. d4 d5 3. Nc3 Bb4 4. e5 c5 5. a3 Bxc3+ 6. bxc3 Ne7 7. Qg4 Qc7 8. Qxg7
Rg8 9. Qxh7 cxd4 10. Ne2 Nbc6 11. f4 dxc3 12. h4 Bd7 13. h5 O-O-O 14. Qd3 d4 15.
h6 Rg6 16. h7 Rh8 17. Nxd4 Nxd4 18. Qxd4 Bc6 19. Rh2 b6 20. Qxc3 Nf5 21. Bd2 Rg3
22. Bd3 Rxg2 23. Rxg2 Bxg2 24. Bxf5 Qxc3 25. Bxe6+ fxe6 26. Bxc3 Rxh7 27. O-O-O
Rh1 28. Rxh1 Bxh1 29. Bd4 Kc7 30. Kd2 Bd5 31. c4 1/2-1/2

[Event "8th Sunway Sitges 2021"]
[Site "Sitges ESP"]
[Date "2021.12.21"]
[Round "8.64"]
[White "Ayza Ballester, Jordi"]
[Black "Heinemann, Josefine"]
[Result "0-1"]
[WhiteTitle "FM"]
[BlackTitle "WGM"]
[WhiteElo "2113"]
[BlackElo "2369"]
[WhiteFideId "2200554"]
[BlackFideId "12900460"]
[EventDate "2021.12.13"]

1. e4 c5 2. Nf3 d6 3. d4 cxd4 4. Nxd4 Nf6 5. Nc3 a6 6. Bc4 e6 7. Bb3 b5 8. Bg5
Be7 9. Qe2 O-O 10. O-O Bd7 11. Rad1 Qc7 12. a3 Nc6 13. Nxc6 Bxc6 14. f4 h6 15.
Bxf6 Bxf6 16. f5 Rae8 17. Qg4 Qe7 18. Rd3 a5 19. fxe6 fxe6 20. Nd1 Be5 21. Rxf8+
Kxf8 22. c3 Kg8 23. Nf2 Kh8 24. Rd1 Qf6 25. Nd3 Rf8 26. Bxe6 Bd4+ 27. cxd4 Qxd4+
28. Kh1 Qxd3 29. Bf5 Qc2 30. h3 Rf6 31. b4 axb4 32. axb4 g6 33. Bxg6 Rxg6 34.
Qxg6 Qxd1+ 35. Kh2 Qd4 36. Qxh6+ Kg8 37. Qe6+ Kf8 38. Qf5+ Ke7 39. Qh7+ Kd8 40.
Qg8+ Kc7 41. Qh7+ Kb6 42. h4 Qe5+ 43. Kh3 Bxe4 44. Qg8 Bf5+ 45. g4 Qe3+ 46. Kh2
Qf2+ 47. Kh3 Qf3+ 48. Kh2 Be4 49. Qd8+ Kc6 50. Qe8+ Kd5 51. Qxb5+ Kd4 52. Qb6+
Ke5 53. Qb5+ Bd5 54. Qe8+ Kd4 55. Qh8+ Kc4 56. Qb2 Qxg4 57. Qa2+ Kd4 58. Qf2+
Ke5 59. Qe3+ Kf5 60. Qd3+ Qe4 61. Qh3+ Kf6 62. Qf1+ Qf5 0-1

[Event "8th Sunway Sitges 2021"]
[Site "Sitges ESP"]
[Date "2021.12.21"]
[Round "8.65"]
[White "Aaditya, Dhingra"]
[Black "Meister, Peter"]
[Result "0-1"]
[WhiteTitle "CM"]
[BlackTitle "IM"]
[WhiteElo "2038"]
[BlackElo "2359"]
[WhiteFideId "25678191"]
[BlackFideId "4600207"]
[EventDate "2021.12.13"]

1. e4 e6 2. d4 d5 3. Nc3 Nc6 4. Nf3 Nf6 5. e5 Ne4 6. Bd3 Bb4 7. Bd2 Nxd2 8. Qxd2
f6 9. Bb5 Bd7 10. Bxc6 Bxc6 11. O-O f5 12. Rfb1 Be7 13. Ne1 O-O 14. f4 Kh8 15.
b4 Rg8 16. Nd3 b6 17. a4 a5 18. b5 Bd7 19. Rf1 Rc8 20. Rab1 Be8 21. Rb3 h6 22.
Rfb1 Kh7 23. Nd1 c5 24. bxc6 Rxc6 25. Nc3 Qc8 26. R1b2 Rc4 27. Nb5 Bxb5 28. Rxb5
Bd8 29. Ne1 Rxa4 30. R5b3 Be7 31. c3 Bd8 32. g4 g6 33. h3 Rc4 34. Nf3 Rf8 35.
Kf2 Rf7 36. Kg3 Ra7 37. h4 fxg4 38. Kxg4 Rf7 39. Qd3 Rf5 40. Ng5+ Kg8 41. Nf3 a4
42. Ra3 Be7 43. Raa2 Rxc3 44. Rc2 Rxf4+ 45. Kg3 Rxf3+ 0-1